header

Isotopes in vitreous materials (Record no. 249998)

MARC details
000 -LEADER
fixed length control field 01404nam a2200361 a 4500
245 00 - TITLE STATEMENT
Title Isotopes in vitreous materials
260 ## - PUBLICATION, DISTRIBUTION, ETC. (IMPRINT)
Place of publication Leuven, Belgium :
Name of publisher Leuven University Press,
Year of publication c2009.
300 ## - PHYSICAL DESCRIPTION
Number of Pages 165 p. :
Other physical details ill., maps.
490 1# - SERIES STATEMENT
Series statement Studies in archaeological sciences ;
650 #0 - SUBJECT ADDED ENTRY--TOPICAL TERM
Topical Term Archaeometry
Topical Term Glass
700 1# - ADDED ENTRY--PERSONAL NAME
Personal name Degryse, Patrick.
Personal name Henderson, Julian,
Personal name Hodgins, Gregory.
856 40 - ELECTRONIC LOCATION AND ACCESS
Uniform Resource Identifier http://site.ebrary.com/lib/rucke/Doc?id=10452821

No items available.

© 2026 Rongo University
Contact us: librarian | system librarian | Rongo university